000 00499nam a2200181Ia 4500
005 20250326125055.0
008 250326s9999 xx 000 0 und d
037 _aTextbook
040 _aFMSL
_beng
_cFMSL
041 _aeng
_2eng
084 _aX:9 L24;1
_qFMSL
100 _aButler A D
_9738458
245 0 _aLabor economics and institutions
_cButler A D
260 _aNew Delhi
_bNew Delhi, Amerind
_c1972
300 _a595p
942 _cTB
_hX:9 L24;1
999 _c1276419
_d1276419